Pharmaceutical Engineering: Unit Operations (Record no. 8859)

MARC details
000 -LEADER
fixed length control field 00528nam a22001817a 4500
003 - CONTROL NUMBER IDENTIFIER
control field OSt
008 - FIXED-LENGTH DATA ELEMENTS--GENERAL INFORMATION
fixed length control field 200713b ||||| |||| 00| 0 eng d
020 ## - INTERNATIONAL STANDARD BOOK NUMBER
International Standard Book Number 9788185731643
100 ## - MAIN ENTRY--PERSONAL NAME
Personal name Subrahmanyam, CVS
245 ## - TITLE STATEMENT
Title Pharmaceutical Engineering: Unit Operations
250 ## - EDITION STATEMENT
Edition statement 3rd
260 ## - PUBLICATION, DISTRIBUTION, ETC. (IMPRINT)
Place of publication, distribution, etc N Delhi
Name of publisher, distributor, etc Vallabh Prakashan
Date of publication, distribution, etc 2019
300 ## - PHYSICAL DESCRIPTION
Extent 576
650 ## - SUBJECT ADDED ENTRY--TOPICAL TERM
Topical term or geographic name as entry element Pharmaceutics- Drug Delivery Systems,Pharmaceutical Engineering regularity Science
700 ## - ADDED ENTRY--PERSONAL NAME
Personal name Thimma, Setty. J
700 ## - ADDED ENTRY--PERSONAL NAME
Personal name Sarasija, Suresh.
942 ## - ADDED ENTRY ELEMENTS (KOHA)
Source of classification or shelving scheme Dewey Decimal Classification
Koha item type Text Books
Holdings
Withdrawn status Lost status Source of classification or shelving scheme Damaged status Not for loan Collection code Home library Current library Date acquired Source of acquisition Currency Cost, normal purchase price Bill Number Total Checkouts Full call number Acc. no. / Barcode Date last seen Date last borrowed Actual Cost, discounted price Bill Date Koha item type
    Dewey Decimal Classification     B.Pharma PIET C-LIBRARY PIET C-LIBRARY 11/02/2020 Kirti Prakashan Indian Rup 525.00 IN6378 11 610.28 SUP BP1310 27/02/2026 20/02/2026 425.25 11/02/2020 Text Books
    Dewey Decimal Classification     B.Pharma PIET C-LIBRARY PIET C-LIBRARY 11/02/2020 Kirti Prakashan Indian Rup 525.00 IN6378 10 610.28 SUP BP1311 17/03/2026 13/03/2026 425.25 11/02/2020 Text Books
    Dewey Decimal Classification     B.Pharma PIET C-LIBRARY PIET C-LIBRARY 11/02/2020 Kirti Prakashan Indian Rup 525.00 IN6378 9 610.28 SUP BP1312 06/02/2026 28/01/2026 425.25 11/02/2020 Text Books

Design & Developed by: PIET Central Library
R70 Miles Stone Pattikalyana Samalkha Panipat 132102
mail ID :- [email protected], Phone No:- 0180-2569700 Ex.216